LEADER 01418nam0-2200397li-450 001 990000246710203316 005 20180312154718.0 010 $a3-540-11574-9 035 $a0024671 035 $aUSA010024671 035 $a(ALEPH)000024671USA01 035 $a0024671 100 $a20001109d1982----km-y0itay0103----ba 101 0 $aeng 102 $aGW 200 1 $aCompetition and cooperation in neural nets$eproceedings of the U.S.-Japan joint seminar held at Kyoto, Japan$eFebruary 15-19, 1982$fS. Amari ... [et al.] (eds.) 210 $aBerlin [etc.]$cSpringer-Verlag$dcopyr. 1982 215 $aXIV, 441 p.$cill.$d24 cm. - (Lecture notes in biomathematics$d45) 610 1 $acervello$afisiologia$acongressi$a1982 610 1 $acervello$amodelli matematici$acongressi$a1982 610 1 $acongressi$akyoto$a1982 610 1 $aintelligenza artificiale$acongressi$a1982 676 $a612822$9. 702 1$aAmari,$bShun-ichi 801 $aSistema bibliotecario di Ateneo dell' Universitą di Salerno$gRICA 912 $a990000246710203316 951 $a510 LNB (45)$b0022188 CBS$c510$d00109177 959 $aBK 969 $aSCI 979 $c19990408 979 $c20001110$lUSA01$h1715 979 $aALANDI$b90$c20010709$lUSA01$h1103 979 $c20020403$lUSA01$h1633 979 $aPATRY$b90$c20040406$lUSA01$h1618 996 $aCompetition and cooperation in neural nets$9343965 997 $aUNISA LEADER 01452nam 2200529 450 001 9910555006203321 005 20180810083640.0 010 $a1-68367-294-1 010 $a1-68367-051-5 010 $a1-5231-2394-X 010 $a1-68367-024-8 035 $a(CKB)4100000006672946 035 $a(MiAaPQ)EBC5742375 035 $a(PPN)240818571 035 $a(EXLCZ)994100000006672946 100 $a20190418d2019 uy 0 101 0 $aeng 135 $aurcnu|||||||| 181 $ctxt$2rdacontent 182 $cc$2rdamedia 183 $acr$2rdacarrier 200 00$aRegulating with RNA in bacteria and archaea /$fedited by Gisela Storz, Kai Papenfort 210 1$aWashington, District of Columbia :$cASM Press,$d[2019] 210 4$d©2019 215 $a1 online resource (622 pages) 300 $aIncludes index. 311 $a1-68367-023-X 606 $aRNA 606 $aBacteria 606 $aArchaebacteria 606 $aMolecular microbiology 606 $aBacterial genetics 615 0$aRNA. 615 0$aBacteria. 615 0$aArchaebacteria. 615 0$aMolecular microbiology. 615 0$aBacterial genetics. 676 $a572.88 702 $aStorz$b Gisela 702 $aPapenfort$b Kai 801 0$bMiAaPQ 801 1$bMiAaPQ 801 2$bMiAaPQ 906 $aBOOK 912 $a9910555006203321 996 $aRegulating with RNA in bacteria and archaea$92816080 997 $aUNINA